Cities by Population Density - Statistics

General Stats
  • This quiz has been taken 18 times
  • The average score is 6 of 20
Answer Stats
Rank Country Density Answer % Correct
1. Philippines 41,515 Manila
100%
5. India 32,303 Mumbai
89%
4. Iraq 32,874 Baghdad
83%
6. Bangladesh 29,069 Dhaka
83%
13. Pakistan 25,229 Karachi
72%
19. Nepal 23,923 Kathmandu
72%
8. Haiti 27,395 Port-au-Prince
72%
16. India 24,306 Kolkata
61%
15. Philippines 24,346 Makati
6%
9. Israel 27,338 Bnei Brak
0%
7. Philippines 27,989 Caloocan
0%
12. France 25,643 Le Pre-Saint-Gervais
0%
10. France 26,713 Levallois-Perret
0%
3. Philippines 34,925 Mandaluyong
0%
17. France 24,280 Montrouge
0%
2. Philippines 36,447 Pateros
0%
14. France 24,586 Saint-Mande
0%
18. Belgium 24,165 Sint-Joost-ten-Node
0%
20. Malaysia 23,911 Subang Jaya
0%
11. France 26,121 Vincennes
0%
No matching quizzes found
Score Distribution
Percent of People with Each Score
Percentile by Number Answered
Your Score History
You have not taken this quiz